[Event "Challenge"]
[Site "http://www.queenalice.com/game.php?id=1325941"]
[Date "2014.12.3"]
[Round "-"]
[White "carpio1969"]
[Black "cody7"]
[Result "0-1"]
[WhiteElo "1495"]
[BlackElo "1167"]

1. c3 d5 2. Nf3 Bd7 3. d4 Bc6 4. e3 Qd7 5. Ne5 Qe6 6. Bd3 f6 7. Nxc6 bxc6 8. O-O
h5 9. Bg6+ Kd8 10. Bxh5 Rh6 11. e4 Qxe4 12. Bxh6 Nxh6 13. f3 Qf4 14. Bg4 Nd7 15.
Qe2 f5 16. g3 Qd6 17. Bh3 c5 18. Qb5 cxd4 19. cxd4 Rb8 20. Qa5 Rb7 21. Nc3 e5
22. Nb5 Qb6 23. Qxb6 Nxb6 24. Rae1 Nd7 25. a4 Bb4 26. Re3 c6 27. Nd6 Bxd6 28.
dxe5 Bc5 29. e6 Bxe3+ 30. Kh1 Ne5 31. Re1 Nc4 32. Bf1 Bd2 33. Rd1 Rxb2 34. Bxc4
dxc4 35. Kg1 Ke7 36. Kf1 c3 37. Rc1 Bxc1 0-1

[Event "la revancha"]
[Site "http://www.queenalice.com/game.php?id=1326771"]
[Date "2014.12.8"]
[Round "-"]
[White "carpio1969"]
[Black "cody7"]
[Result "0-1"]
[WhiteElo "1221"]
[BlackElo "1196"]

1. e4 c5 2. Nf3 Nf6 3. d4 Qa5+ 4. c3 Nxe4 5. Qe2 d5 6. Ne5 f6 7. Qh5+ g6 8. Nxg6
hxg6 9. Qxh8 Qb6 10. Be3 cxd4 11. Bxd4 Qe6 12. Be2 Qf5 13. O-O Nc6 14. Be3 Be6
15. f3 Ng5 16. g4 Nh3+ 17. Kg2 Qe5 18. Qh6 Bxh6 19. f4 Qxe3 20. g5 Bg7 21. Bf3
f5 22. Kxh3 Qxf4 23. Nd2 Qxd2 24. Rab1 f4+ 25. Bg4 Kf7 26. Bxe6+ Kxe6 27. Kg4
Ne5+ 28. Kh4 Rh8# 0-1

[Event "uno mas"]
[Site "http://www.queenalice.com/game.php?id=1326772"]
[Date "2014.12.8"]
[Round "-"]
[White "cody7"]
[Black "carpio1969"]
[Result "0-1"]
[WhiteElo "1213"]
[BlackElo "1207"]

1. f4 d5 2. Nf3 f6 3. c4 e6 4. Qa4+ Bd7 5. Qb3 Ne7 6. Qxb7 Nbc6 7. d3 Nf5 8. g3
Nfd4 9. Kd1 Nxf3 10. Bh3 Bd6 11. Bg4 Na5 12. Qa6 Nxc4 13. dxc4 Nd4 14. Be3 Nc6
15. Nc3 d4 16. Ne4 dxe3 17. Rf1 Nd4 18. Bh5+ g6 19. f5 Qb8 20. Nxf6+ Ke7 21.
Nd5+ exd5 22. f6+ Kf7 23. Bf3 Qxb2 24. Bxd5+ Be6 25. Rc1 Nxe2 26. Rc2 Nc3+ 27.
Rxc3 e2+ 28. Ke1 Qxc3+ 29. Kxe2 Bxd5 30. Qb5 Bxc4+ 31. Qxc4+ Qxc4+ 32. Kf2 Qc2+
0-1

[Event "LUAN LXXII"]
[Site "http://www.queenalice.com/game.php?id=1339659"]
[Date "2015.2.5"]
[Round "-"]
[White "rogeriooliveira"]
[Black "cody7"]
[Result "0-1"]
[WhiteElo "1300"]
[BlackElo "1271"]

1. e4 e5 2. Nf3 Bd6 3. Nc3 g5 4. g4 c6 5. Bd3 b5 6. Ne2 Nh6 7. O-O Nxg4 8. Kg2
h5 9. Re1 Qb6 10. b4 Qxf2+ 11. Kh3 Qxf3+ 12. Ng3 Nf2# 0-1

[Event "LUAN LXXIII"]
[Site "http://www.queenalice.com/game.php?id=1339662"]
[Date "2015.2.5"]
[Round "-"]
[White "rogeriooliveira"]
[Black "cody7"]
[Result "0-1"]
[WhiteElo "1361"]
[BlackElo "1292"]

1. e4 e5 2. Nf3 Nf6 3. Nc3 Bb4 4. Bc4 d5 5. exd5 e4 6. Nd4 O-O 7. O-O g6 8. f3
c6 9. dxc6 Qxd4+ 10. Kh1 Qxc4 11. b3 Qa6 12. fxe4 Qxc6 13. Bb2 Na6 14. a3 Bc5
15. Re1 Ng4 16. Rf1 Qd6 17. g3 Nf2+ 18. Kg1 Nh3+ 19. Kg2 Rd8 20. d3 Nc7 21. Qf3
Be6 22. Rae1 Ng5 23. Qf4 Bh3+ 24. Kh1 Nce6 25. Qf6 Bd4 26. e5 Qc6+ 27. Rf3 Nxf3
28. Re4 Bxc3 29. Bxc3 Rxd3 30. Bb4 Rd1+ 31. Re1 Nxe1+ 32. Kg1 Qg2# 0-1

[Event "LUAN LXXVII"]
[Site "http://www.queenalice.com/game.php?id=1339681"]
[Date "2015.2.5"]
[Round "-"]
[White "rogeriooliveira"]
[Black "cody7"]
[Result "0-1"]
[WhiteElo "1402"]
[BlackElo "1380"]

1. e4 e5 2. Nf3 Nc6 3. Nc3 Nf6 4. Bb5 Bb4 5. Bxc6 dxc6 6. O-O Qe7 7. Re1 Ng4 8.
Rf1 Qc5 9. Qe2 b5 10. a3 Bxc3 11. bxc3 a6 12. Re1 Qe7 13. h3 Nf6 14. Rd1 c5 15.
Re1 Nh5 16. g4 Nf4 17. Qe3 Nxh3+ 18. Kg2 Bxg4 19. Kg3 h5 20. Kh2 h4 21. Rh1 Nf4
22. Rg1 Bh3 23. d3 c4 24. dxc4 O-O 25. Bd2 Be6 26. Qe1 Bxc4 27. Rd1 Qe6 28. Bxf4
exf4 29. Rd4 Rad8 30. Rxd8 Rxd8 31. Rg2 g6 32. Qg1 Be2 33. Nd4 Qxe4 34. Kh3 f3
35. Rh2 Rd6 36. Qg4 Bf1+ 37. Kxh4 Qxg4+ 38. Kxg4 f5+ 39. Kg5 c5 40. Nxf3 Kg7 41.
Nh4 Be2 42. Ng2 Rd2 43. Ne3 a5 44. Ng2 Rxc2 45. Rh3 Rc1 46. Nf4 Rg1+ 47. Kh4
Rg4# 0-1

[Event "Challenge"]
[Site "http://www.queenalice.com/game.php?id=1342458"]
[Date "2015.2.19"]
[Round "-"]
[White "rickster"]
[Black "cody7"]
[Result "0-1"]
[WhiteElo "1394"]
[BlackElo "1249"]

1. e3 e5 2. Bc4 Nh6 3. Qf3 c6 4. Nh3 b5 5. Bd3 Qh4 6. Ng5 Qxg5 7. h4 Qg4 8. Rh3
d5 9. Rg3 Qxh4 10. Qe2 e4 11. Rh3 Bxh3 12. Qf1 Bg4 13. g3 Qh2 14. Nc3 Bf5 15.
Ne2 exd3 16. Nd4 Qh5 17. a4 dxc2 18. Nxb5 Qd1# 0-1

[Event "Challenge"]
[Site "http://www.queenalice.com/game.php?id=1349012"]
[Date "2015.3.21"]
[Round "-"]
[White "aparicio"]
[Black "cody7"]
[Result "1-0"]
[WhiteElo "1382"]
[BlackElo "1271"]

1. d4 d5 2. Nc3 Nc6 3. e4 e5 4. dxe5 Nxe5 5. Qh5 Qe7 6. Nxd5 Bg4 7. Bb5+ c6 8.
Nxe7 Bxh5 9. Nd5 Bd6 10. Nf4 Bb4+ 11. c3 O-O-O 12. Ba4 Nd3+ 13. Nxd3 Rxd3 14.
cxb4 b5 15. Bb3 Nf6 16. f3 Nd7 17. Ne2 f6 18. Nf4 Ne5 19. Nxh5 Rhd8 20. Nxg7
R3d6 21. O-O R6d7 22. Be6 a6 23. Nh5 Kb7 24. Bxd7 Rxd7 25. Nxf6 Rf7 26. Ne8 Rd7
27. Bf4 Ng6 28. Bg5 Rd4 29. Rad1 Rxb4 30. Rd7+ Kc8 31. Rc7+ Kb8 32. Rd1 Rxb2 33.
Rd8# 1-0

[Event "Challenge"]
[Site "http://www.queenalice.com/game.php?id=1384233"]
[Date "2015.9.19"]
[Round "-"]
[White "jeffcom2f"]
[Black "cody7"]
[Result "1-0"]
[WhiteElo "1509"]
[BlackElo "1414"]

1. e4 g6 2. d4 c6 3. Nf3 Bh6 4. Bxh6 Nxh6 5. Bd3 Qa5+ 6. c3 d6 7. O-O Nd7 8. b4
Qh5 9. Re1 e5 10. d5 c5 11. b5 O-O 12. Nfd2 Qxd1 13. Rxd1 a5 14. Na3 Nb6 15.
Nac4 Na4 16. Rdc1 Bd7 17. Nxd6 Nxc3 18. Rxc3 b6 19. N6c4 Rab8 20. Nxe5 Bc8 21.
Nc6 Ra8 22. e5 Re8 23. d6 Be6 24. Ne4 Kh8 25. Nf6 Rf8 26. d7 Bxd7 27. Nxd7 Rae8
28. Nf6 Re6 29. Bc4 Rxf6 30. exf6 Ng8 31. Rf3 a4 32. Ne7 Nh6 33. Nxg6+ Kg8 34.
Ne7+ Kh8 35. h3 Ng8 36. Nxg8 Kxg8 37. Re1 Rd8 38. Rfe3 h5 39. Re8+ Rxe8 40.
Rxe8+ Kh7 41. Re7 Kg6 42. Rxf7 a3 43. Rf8 1-0

[Event "Challenge"]
[Site "http://www.queenalice.com/game.php?id=1384234"]
[Date "2015.9.19"]
[Round "-"]
[White "cody7"]
[Black "jeffcom2f"]
[Result "0-1"]
[WhiteElo "1402"]
[BlackElo "1539"]

1. e4 e5 2. Qh5 Qf6 3. Nf3 g6 4. Qxe5+ Qxe5 5. Nxe5 Bg7 6. Nc4 Ne7 7. g3 O-O 8.
Ne3 d6 9. Bc4 c6 10. d3 b5 11. Bb3 a5 12. a4 Be6 13. c4 bxc4 14. Bxc4 Bxc4 15.
dxc4 Nd7 16. Na3 Ne5 17. f4 Nd3+ 18. Ke2 Nc5 19. b3 Nxb3 20. Rb1 Nc5 21. e5 dxe5
22. Rd1 exf4 23. gxf4 Rfe8 24. Bb2 Nf5 25. Nc2 Nxa4 26. Ba3 Nc3+ 27. Ke1 Nxd1
28. Rxd1 Re6 29. Rd3 Rae8 30. Bc5 Nxe3 31. Bxe3 Ra8 32. Kd2 Bh6 33. h4 a4 34. f5
gxf5 35. Kd1 Bxe3 36. Rxe3 Rae8 37. Ke2 f4 38. Rxe6 fxe6 39. Nd4 c5 40. Nf3 e5
41. Ng5 e4 42. h5 h6 43. Nh3 f3+ 44. Ke3 Kf7 45. Nf2 Kf6 46. Nxe4+ Kf5 47. Kxf3
Rxe4 0-1

[Event "Challenge"]
[Site "http://www.queenalice.com/game.php?id=1386909"]
[Date "2015.10.2"]
[Round "-"]
[White "cody7"]
[Black "carpio1969"]
[Result "1-0"]
[WhiteElo "1311"]
[BlackElo "1661"]

1. d4 Nf6 2. f3 d5 3. Bg5 h6 4. Bxf6 exf6 5. c3 Bd6 6. Qa4+ c6 7. e3 O-O 8. Qc2
f5 9. h4 Nd7 10. Qxf5 Nf6 11. Qc2 Bg3+ 12. Kd1 Qd6 13. f4 Ne4 14. Rh3 Nf2+ 15.
Kd2 Bxh3 16. Nxh3 Ne4+ 17. Kd1 b5 18. Nd2 Rfe8 19. Bd3 Bxh4 20. a4 Nf2+ 21. Nxf2
Bxf2 22. Ke2 Bxe3 23. Bh7+ Kh8 24. axb5 Bxd4+ 25. Kd1 Bb6 26. Qd3 c5 27. b3 g6
28. Nc4 Qxf4 29. g3 Qf1+ 30. Qxf1 Kxh7 31. Qxf7+ Kh8 32. Qxd5 Rad8 33. Nd6 Re3
34. Nf7+ Kg7 35. Nxd8 Bxd8 36. Qxd8 Rxc3 37. Rxa7# 1-0

[Event "AUTO-INT-3061"]
[Site "http://www.queenalice.com/game.php?id=1387549"]
[Date "2015.10.5"]
[Round "1"]
[White "Givanildo"]
[Black "cody7"]
[Result "1-0"]
[WhiteElo "1682"]
[BlackElo "1384"]

1. e3 e5 2. d4 Nc6 3. d5 Nb4 4. Bc4 c6 5. dxc6 Nxc6 6. Qf3 Qf6 7. Qxf6 Nxf6 8.
Bd2 Bc5 9. a3 O-O 10. Nf3 e4 11. Ng5 d5 12. Bb3 Bf5 13. O-O d4 14. Bc4 dxe3 15.
fxe3 Ne7 16. Nc3 Rad8 17. Bc1 a6 18. b4 Ba7 19. a4 Rc8 20. Nd5 Nfxd5 21. Bxd5
Nxd5 22. Rxf5 Ne7 23. Re5 Ng6 24. Rxe4 Rxc2 25. b5 Rd8 26. Ba3 Bb6 27. Rf1 Nh8
28. Kh1 h6 29. Nf3 Ng6 30. h3 f5 31. Re6 Rc3 32. Rxb6 Rxa3 33. Rxg6 Rxe3 34.
bxa6 Rb8 35. Nd4 Kh7 36. Rxg7+ Kxg7 37. Nxf5+ Kg6 38. Nxe3 bxa6 39. Nd5 h5 40.
Rf6+ Kg7 41. Rxa6 Rb1+ 42. Kh2 1-0

[Event "AUTO-INT-3061"]
[Site "http://www.queenalice.com/game.php?id=1387550"]
[Date "2015.10.5"]
[Round "1"]
[White "cody7"]
[Black "Givanildo"]
[Result "0-1"]
[WhiteElo "1360"]
[BlackElo "1679"]

1. e3 d5 2. d4 Bd7 3. Nc3 Bc6 4. Bb5 e6 5. Nf3 h6 6. O-O Bxb5 7. Nxb5 c6 8. Qd3
cxb5 9. Qxb5+ Nd7 10. Qxb7 Bd6 11. Qc6 Be7 12. Bd2 Rc8 13. Qb7 Ngf6 14. Qxa7 O-O
15. Ba5 Qe8 16. Rac1 Ra8 17. Qc7 Bd8 18. Qc3 Bxa5 19. b4 Ne4 20. Qe1 Bc7 21. c4
dxc4 22. Rxc4 Rc8 23. Qc1 Qd8 24. Qc2 Nb6 25. Ne5 Nxc4 26. Nxc4 Nf6 27. g3 Qd5
28. Nd2 Ng4 29. Ra1 Qh5 30. h4 Bxg3 31. Qe4 Bxf2+ 32. Kf1 Qxh4 33. Ke2 Qh2 34.
Qxg4 Bh4+ 35. Kd3 Bg5 36. Nf3 Qc2# 0-1

[Event "AUTO-INT-3061"]
[Site "http://www.queenalice.com/game.php?id=1387565"]
[Date "2015.10.5"]
[Round "1"]
[White "Alexx"]
[Black "cody7"]
[Result "0-1"]
[WhiteElo "1644"]
[BlackElo "1357"]

1. e4 e5 2. Nf3 Nc6 3. Nc3 Nd4 4. Bc4 Nh6 5. d3 Qf6 6. Nd5 Qd6 7. Bxh6 Qxh6 8.
Nxc7+ Kd8 9. Nxa8 Qd6 10. Ng5 Qf6 11. Nxf7+ Ke8 12. Nxh8 g6 13. Nc7+ Kd8 14.
Nxg6 Qxg6 15. g3 b5 16. Nxb5 Qb6 17. b3 Nxb5 18. Qf3 Bb4+ 19. Kf1 Na3 20. Bg8
Bd2 21. Qf8+ Kc7 22. c4 Bh6 23. Qxa3 Qf6 24. Qxa7+ Kd8 25. a4 Qf3 26. Qa5+ Ke8
27. Qxe5+ Kd8 28. Qf5 Qxh1+ 29. Ke2 Qxa1 30. Qa5+ Ke8 31. Qh5+ Kd8 32. Qxh6 Qb2+
33. Ke3 Qc1+ 0-1

[Event "AUTO-INT-3061"]
[Site "http://www.queenalice.com/game.php?id=1387566"]
[Date "2015.10.5"]
[Round "1"]
[White "cody7"]
[Black "Alexx"]
[Result "0-1"]
[WhiteElo "1365"]
[BlackElo "1639"]

1. e3 e5 2. d4 e4 3. f3 Nf6 4. Nc3 Bb4 5. Ne2 Nc6 6. a3 Bxc3+ 7. Nxc3 exf3 8.
Qxf3 d5 9. Na4 Bg4 10. Qf4 h6 11. Nc5 g5 12. Qf2 Ne4 13. Nxe4 dxe4 14. c3 Qd5
15. Qf6 Rf8 16. h3 Bh5 17. Bd2 Rd8 18. c4 Qd6 19. Qf2 f5 20. c5 Qe6 21. h4 g4
22. Be2 g3 23. Qf4 Bxe2 24. Kxe2 Nxd4+ 25. Kd1 Qb3+ 26. Kc1 Qc2# 0-1

[Event "AUTO-INT-3061"]
[Site "http://www.queenalice.com/game.php?id=1387577"]
[Date "2015.10.5"]
[Round "1"]
[White "cody7"]
[Black "tiagomdorini"]
[Result "1-0"]
[WhiteElo "1397"]
[BlackElo "1422"]

1. e3 d5 2. d4 e6 3. b3 Bb4+ 4. Bd2 a5 5. c3 Bd6 6. b4 b5 7. Na3 c6 8. Nb1 h5 9.
a4 Ba6 10. h4 Nf6 11. Na3 Ne4 12. Qe2 e5 13. g4 hxg4 14. h5 Nf6 15. f4 Rxh5 16.
Bg2 g5 17. fxg5 Rxg5 18. axb5 Bxb5 19. Nxb5 cxb5 20. Qxb5+ Nbd7 21. bxa5 Qb8 22.
Qd3 e4 23. Qc2 Qb5 24. Rh8+ Bf8 25. Bf1 Qc6 26. Qb3 Nc5 27. Qa3 Nd3+ 28. Ke2 g3
29. Nh3 Kd7 30. Nxg5 Bxa3 31. Bh3+ Kc7 32. Nxf7 Rxa5 33. Rc8+ Kb7 34. Nd8+ Kb6
35. Rxc6+ Kb5 36. c4+ Ka4 37. Rxf6 1-0

[Event "AUTO-INT-3061"]
[Site "http://www.queenalice.com/game.php?id=1387578"]
[Date "2015.10.5"]
[Round "1"]
[White "tiagomdorini"]
[Black "cody7"]
[Result "1-0"]
[WhiteElo "1386"]
[BlackElo "1397"]

1. e4 e5 2. d3 d5 3. f3 f5 4. Nc3 c6 5. exf5 Bxf5 6. g4 Qh4+ 7. Ke2 Bc5 8. Qe1
Bf2 9. Qxf2 Qxf2+ 10. Kxf2 Bg6 11. h4 h5 12. gxh5 Rxh5 13. Kg3 b5 14. a4 b4 15.
Na2 a5 16. b3 Nf6 17. Kf2 e4 18. dxe4 dxe4 19. fxe4 Nxe4+ 20. Ke1 Ng3 21. Bg2
Bxc2 22. Rh3 Nf5 23. Bf3 Rh6 24. Bxh6 gxh6 25. h5 Na6 26. Be2 Nc5 27. Bc4 Kf8
28. Rf3 Re8+ 29. Kf2 Re5 30. Re1 Re4 31. Rxf5+ Ke7 32. Rxc5 Rxe1 33. Kxe1 1-0

[Event "Challenge"]
[Site "http://www.queenalice.com/game.php?id=1387715"]
[Date "2015.10.6"]
[Round "-"]
[White "cody7"]
[Black "carpio1969"]
[Result "1-0"]
[WhiteElo "1337"]
[BlackElo "1635"]

1. e4 e5 2. d4 d6 3. dxe5 dxe5 4. Bb5+ c6 5. Qxd8+ Kxd8 6. Bc4 f6 7. f4 Bd6 8.
Ne2 b5 9. Bd3 a5 10. Be3 Be6 11. Bb6+ Ke7 12. f5 Bd7 13. O-O c5 14. Nbc3 Kf7 15.
b3 Bc6 16. a4 Ra6 17. Bd8 Nd7 18. axb5 Ra8 19. bxc6 Nf8 20. c7 Ne7 21. Nb5 Bxc7
22. Bxc7 g6 23. Bc4+ Kg7 24. Ng3 Nc6 25. c3 Nd7 26. Rfd1 Ndb8 27. h4 Na6 28.
Rd7+ Kh6 29. h5 g5 30. Rd6 Nxc7 31. Nxc7 Ne7 32. Bb5 Rhf8 33. Re6 Nc8 34. Nxa8
c4 35. bxc4 Na7 36. Be8 Rg8 37. Rxa5 Nc8 38. Rxf6+ Kg7 39. Rf7+ Kh6 40. Ra6+ Nd6
41. Rxd6+ Rg6 42. Rxg6+ hxg6 43. c5 gxf5 44. exf5 e4 45. Re7 g4 46. Rxe4 Kg5 47.
c6 Kh4 48. Rxg4+ Kxg4 49. f6 Kxg3 50. c7 1-0

[Event "Challenge"]
[Site "http://www.queenalice.com/game.php?id=1387716"]
[Date "2015.10.6"]
[Round "-"]
[White "carpio1969"]
[Black "cody7"]
[Result "1-0"]
[WhiteElo "1631"]
[BlackElo "1341"]

1. e4 e6 2. Bb5 a6 3. Ba4 Bc5 4. Qe2 Qh4 5. g3 Bxf2+ 6. Qxf2 Qxe4+ 7. Ne2 Qxa4
8. b3 Qb5 9. Nbc3 Qc6 10. Rf1 Nf6 11. d3 Ng4 12. Qxf7+ Kd8 13. Qxg7 Re8 14. Qg5+
Nf6 15. Qxf6+ Re7 16. Qh8+ Re8 17. Rf8 d5 18. Rxe8+ Qxe8 19. Qxh7 Bd7 20. Be3
Kc8 21. O-O-O Nc6 22. a3 Ne5 23. h3 Qg6 24. Qxg6 Nxg6 25. Rf1 c6 26. Na4 Be8 27.
Nb6+ Kb8 28. Nxa8 Kxa8 29. Nd4 a5 30. Nxe6 Ne7 31. Nc7+ Kb8 32. Nxe8 d4 33. Bxd4
Nd5 34. h4 c5 35. Bxc5 Nc3 36. h5 Na2+ 37. Kb2 Nb4 38. h6 Nxd3+ 39. Kc3 Nxc5 40.
h7 Ne4+ 41. Kc4 b5+ 42. Kxb5 Nc3+ 43. Kxa5 Nd5 44. h8=Q Nc7 45. Nd6+ Ka7 46. Qc8
Nb5 47. Rf7+ Nc7 48. Rxc7# 1-0